000 00605nam a2200193 a 4500
001 12204
003 CO-ViMGA
008 141112s2004 ck r 000 u spa d
020 _a8423405931
040 _aCO-ViMGA
_bspa
_cCO-ViMGA
082 0 4 _a658.456 D35c
100 1 _aDemory, B.
_917312
245 1 0 _aComo dirigir y animar reuniones de trabajo
260 _aBilbao,
_cEdiciones Deusto S.A.,
_c1999
300 _a171 p.
590 _aPrecio : 14.500 - - Proveedor : FIS - - Fecha de adquisición : Ag. 23, 2000
650 1 4 _aREUNIONES DE TRABAJO - ORGANIZACION - METODOLOGIA
_917313
942 _2ddc
_cBK
999 _c23218
_d23218